01559cam a2200313 i 450000100090000000300090000900500170001800800410003502000180007604000330009408200200012710000430014724504080019025000200059826400620061830000600068033600260074033700280076633800270079450400510082165000380087265300230091065500240093370000520095790600450100994200120105499900170106695201620108320148934EG-ScBUE20220214120752.0171120s2017 ii a f b 001 0 eng d a9789351524441 aDLCbengerdacDLCdEG-ScBUE04a617.69222bVEE1 aVeeraiyan, Deepak Nallaswamy,eauthor.10aTextbook of prosthodontics /cauthor, Deepak Nallaswamy Veeraiyan, BDS, MDS (Prosthodontics), MS (Prosthodontics) (University of Toronto), MDP (Harvard University), Director of Academics (Saveetha University), Professor and Program Head, Department of Prostodontics, Program Director, Department of Implantology, Saveetha Dental College, Chennai, Tamil Nadu, India ; foreword Asbjørn Jokstad, DDS, PhD. aSecond edition. 1aNew Delhi :bJaypee/The Health Sciences Publisher,c2017. axxiv, 1362, xxvii pages :bcolor illustrations ;c28 cm atextbtxt2rdacontent aunmediatedbn2rdamedia avolumebnc2rdacarrier aIncludes bibliographical references and index. 7aProsthodonticsvTextbooks.2BUEsh bGGENcFebruary2022 vReading book9342321 aJokstad, Asbjorn,eauthor of introduction, etc. a7bcbccorignewd2encipf20gy-gencatlg 2ddccBB c29774d29745 00102ddc40708Scien G.aMAINbMAINc1STd2022-02-14ePurchaseg1600.00h2282l1m4o617.69 VEEp000056133r2025-07-15 00:00:00s2023-03-06w0000-00-00yBB